Statystyki dla Największe Aglomeracje Polski

Kliknij tutaj aby rozwiązać quiz!

Ogólne statystyki

  • Ten quiz został rozwiązany 160 razy
  • Średni wynik to 16 z 28

Statystyki odpowiedzi

lp.PopulacjaOdpowiedź% Poprawnych
22 785 000Warszawa
99%
31 236 000Kraków
90%
41 165 000Łodź
86%
7861 000Wrocław
85%
6919 000Poznań
84%
9610 000Szczecin
82%
12451 000Lublin
77%
13403 000Białystok
73%
17314 000Rzeszów
71%
15319 000Kielce
69%
5993 000Trójmiasto
68%
22222 000Olsztyn
65%
18287 000Radom
64%
25153 000Zielona Góra
64%
14365 000Częstochowa
60%
19285 000Opole
59%
26153 000Gorzów Wielkopolski
56%
24162 000Płock
46%
10584 000Bielsko-Biała
42%
27152 000Koszalin
42%
20269 000Tarnów
42%
13 029 000Górny Śląsk
36%
11525 000Rybnik
34%
21248 000Wałbrzych
34%
23180 000Nowy Sącz
25%
28148 000Konin
21%
8721 000Bydgoszcz-Toruń
20%
16318 400Kalisz-Ostrów
8%

Rozkład punktacji

Percentyl według liczby udzielonych odpowiedzi

Procent ludzi z każdym wynikiem

Twoja historia wyników

Nie rozwiązałeś tego quizu